| 000 | 01125nam0a22002531 4500 | ||
|---|---|---|---|
| 001 | rc\4465938 | ||
| 005 | 20260407015039.0 | ||
| 021 |
_aRU _b[68-9641] |
||
| 035 | _a(NLR Aleph) 008593598 | ||
| 090 |
_a8659119 _c8659119 |
||
| 100 | _a20130416d1968 |||y0rusy50 ca | ||
| 101 | 0 | _arus | |
| 102 | _aRU | ||
| 105 | _ay z ||||| | ||
| 200 | 1 |
_aВыращивание кормовых культур на землях артезианского орошения _e(Метод. материалы) _fМ-во сел. хоз-ва СССР. Гл. упр. кормов, лугов и пастбищ. Пастбищно-мелиорат.-строит. трест МСХ УзССР |
|
| 210 |
_aМосква _cКолос _d1968 |
||
| 215 |
_a28 с. _d21 |
||
| 606 |
_aКормовые культуры _xВозделывание в орошаемых районах _yУзССР _2psbo |
||
| 712 | 0 | 1 |
_aСССР _bГлавное управление кормов, лугов и пастбищ _3RU\NLR\AUTH\8810003510 _9504303 |
| 801 | 0 |
_aRU _bNLR _gpsbo |
|
| 801 | 1 |
_aRU _bELAR _2rusmarc |
|
| 852 |
_aNLR _j68-6/2325 |
||
| 942 | _cBOOK | ||
| 980 | _aNB | ||